000 00706nam a22002057a 4500
003 OSt
005 20140310181717.0
008 130201t xxu||||| |||| 00| 0 eng d
020 _a9789715847346
050 _aU660.P6
_bL477 2008
082 _aFIL 323.6
_2L51 2008
245 _aNational Service Training Program (NSTP), Civic Welfare Training Service (WTS) II, Literacy Training Service (LTS) II : resource-logbook /
_c written and compiled by Lee,Sergio J., Serge-Albert C. Tiu Lee
260 _aQuezon City :
_bC & E Publishing, Inc
_cc2008
300 _avii,148p. :
_bill. ;
_c25cm
521 _aCollege
526 _c1210L-1700L
541 _j1
562 _e1
942 _2lcc
_cBK-FIL
_kFIL
999 _c1830
_d1830